LEADER 00923nam a2200253 i 4500 001 991001535479707536 005 20020503122656.0 008 990127s1998 it ||| | ita 020 $a882212975X 035 $ab1023472x-39ule_inst 035 $aLE01279574$9ExL 040 $aDip.to Lingue$bita 100 1 $aProfeti, Maria Grazia$0164267 245 13$aIl Cinquecento /$c a cura di Maria Grazia Profeti 260 $aFirenze :$bLa Nuova Italia,$cc1998 300 $ax,608 p. ;$c21 cm. 440 2$aL'età d'oro della letteratura spagnola ;$v1 650 4$aLetteratura spagnola$ySec.16$xStoria e critica 907 $a.b1023472x$b02-04-14$c27-06-02 912 $a991001535479707536 945 $aLE012 860.900 3 PRO 1$cV. 1$g1$i2012000006881$lle012$o-$pE0.00$q-$rl$s- $t0$u3$v1$w3$x0$y.i10284710$z27-06-02 996 $aCinquecento$9206545 997 $aUNISALENTO 998 $ale012$b01-01-99$cm$da $e-$fita$git $h3$i1 LEADER 01275oam 2200385zu 450 001 996213512403316 005 20220721190826.0 035 $a(CKB)111055184250268 035 $a(SSID)ssj0000454374 035 $a(PQKBManifestationID)12123518 035 $a(PQKBTitleCode)TC0000454374 035 $a(PQKBWorkID)10396464 035 $a(PQKB)10562542 035 $a(NjHacI)99111055184250268 035 $a(EXLCZ)99111055184250268 100 $a20160829d2001 uy 101 0 $aeng 135 $aur||||||||||| 181 $ctxt 182 $cc 183 $acr 200 10$a2001 IEEE/ASME International Conference on Advanced Intelligent Mechatronics 210 31$a[Place of publication not identified]$cI E E E$d2001 215 $a1 online resource (various pagings) $cillustrations 300 $aBibliographic Level Mode of Issuance: Monograph 311 $a0-7803-6736-7 606 $aIntelligent control systems$vCongresses 615 0$aIntelligent control systems 676 $a621 712 02$aIEEE Robotics and Automation Society Staff 712 12$aIEEE/ASME International Conference on Advanced Intelligent Mechatronics$d(3rd :$f2001 :$eComo, Italy) 801 0$bPQKB 912 $a996213512403316 996 $a2001 IEEE$92509244 997 $aUNISA